|
|
|
|
| LEADER |
00000nas a2200000 i 4500 |
| 005 |
20120423125122.0 |
| 007 |
cr|||| |||| |
| 008 |
080925s20029999sp zr s 000 a0spa c |
| 035 |
|
|
|a 6373
|
| 040 |
|
|
|a UMA.RE
|d BUS
|d vLex
|
| 080 |
|
|
|a 347.7(460)(061)
|
| 080 |
|
|
|a 347.73(460)(051)
|
| 080 |
|
|
|a 351.713(460)(051)
|
| 090 |
|
|
|c 3135
|d 3135
|
| 245 |
0 |
0 |
|a Noticias de Actualidad Jurd̕ica
|h [Recurso electrn̤ico] :
|b (Nueva p̌oca) /
|c Přez Llorca.
|
| 256 |
|
|
|a Servicio en ln̕ea.
|
| 260 |
|
|
|a [s.l] :
|b Ed. Přez-Llorca.
|
| 300 |
|
|
|a 1 recurso electrn̤ico
|
| 310 |
|
|
|a 11 nm︢s. al aǫ.
|
| 500 |
|
|
|a Contiene los nm︢eros de 2011 en adelante. Para consultar los nm︢eros anteriores ir a "Noticias de actualidad jurd̕ica"
|
| 506 |
1 |
|
|a Contenido solo disponible en los productos indicados
|d vLex Global
|d vLex Global (Academic Edition, excluding Law Schools)
|d vLex Global (U.S. Academic Edition, Law Schools)
|d vLex Global (U.S. Academic Edition, excluding Law Schools)
|d vLex Global (Academic Edition, Law Schools)
|
| 650 |
0 |
4 |
|a Derecho mercantil
|z Espaą
|x Publicaciones perid̤icas.
|
| 650 |
0 |
4 |
|a Derecho financiero
|z Espaą
|x Publicaciones perid̤icas.
|
| 650 |
0 |
4 |
|a Derecho fiscal
|z Espaą
|x Publicaciones perid̤icas.
|
| 710 |
2 |
|
|a Přez-Llorca (Firma)
|
| 740 |
0 |
|
|a vLex Revistas (Servicio en ln̕ea)
|
| 856 |
4 |
0 |
|u http://vlex.com/source/noticias-actualidad-juridica-segunda-epoca-6373
|z Acceso restringido
|
| 942 |
|
|
|c REV
|
| 999 |
0 |
|
|a Commercial law
|
| 999 |
0 |
|
|a Finance--Law and legislation
|